UC Sampdoria Squad 2021-2022 - Statistics

General Stats
  • This quiz has been taken 64 times
    44 since last reset
  • The average score is 20 of 37
Answer Stats
# Position Nation Player % Correct
27 FW Italy Fabio Quagliarella
96%
1 GK Indonesia Emil Audero
93%
15 DF Gambia Omar Colley
93%
2 MF Norway Morten Thorsby
89%
88 MF Venezuela Tomás Rincón
81%
6 MF Sweden Albin Ekdal
78%
22 DF Japan Maya Yoshida
78%
38 FW Denmark Mikkel Damsgaard
78%
87 MF Italy Antonio Candreva
74%
14 MF England Ronaldo Vieira
74%
23 FW Italy Manolo Gabbiadini
67%
3 DF Italy Tommaso Augello
67%
25 DF Italy Alex Ferrari
63%
10 FW Italy Francesco Caputo
63%
- Coach Italy Marco Giampaolo
63%
33 GK Italy Wladimiro Falcone
63%
24 DF Poland Bartosz Bereszyński
59%
4 DF Germany Julian Chabot
59%
11 MF Germany Abdelhamid Sabiri
56%
5 MF Portugal Adrien Silva
56%
16 MF Norway Kristoffer Askildsen
56%
29 DF Italy Nicola Murru
52%
30 GK Italy Nicola Ravaglia
48%
- Coach Italy Roberto D'Aversa
44%
8 MF Italy Valerio Verre
44%
7 FW Ukraine Vladyslav Supryaha
44%
19 DF Romania Radu Drăgușin
41%
5 MF Italy Stefano Sensi
37%
20 MF Netherlands Mohamed Ihattaren
33%
13 DF Italy Andrea Conti
30%
70 MF Italy Simone Trimboli
30%
9 FW Italy Ernesto Torregrossa
22%
12 DF Italy Fabio Depaoli
19%
26 DF Italy Giangiacomo Magnani
19%
21 FW Italy Sebastian Giovinco
19%
11 FW Italy Riccardo Ciervo
11%
- Coach Italy Felice Tufano
7%
No matching quizzes found
Score Distribution
Percent of People with Each Score
Percentile by Number Answered
Your Score History
You have not taken this quiz since the last reset